| 000 | 00633nam a22002177a 4500 | ||
|---|---|---|---|
| 999 |
_c6164 _d6164 |
||
| 003 | AR-CdUCM | ||
| 008 | 190313b ||||| |||| 00| 0 spa d | ||
| 040 |
_aMUNICIPALIDAD PROVINCIAL DEL CUSCO _cBIBLIOTECA MUNICIPAL DEL CUSCO |
||
| 082 |
_a866.517 / _bP76 |
||
| 100 |
_aPolevol, Boris _917830 |
||
| 245 |
_aA orillas del nuevo mar : _bRelatos / |
||
| 260 |
_aSantiago : _bAustral, _c1957. |
||
| 300 |
_a139 paginas ; _c17 cm. |
||
| 500 | _aDonación de la familia Nieto | ||
| 505 | _aRelatos | ||
| 650 |
_aRelatos _9195 |
||
| 650 |
_aLiteratura Chilena _92985 |
||
| 650 |
_aNovelas _9218 |
||
| 942 |
_2ddc _cLIBROS |
||
| 945 | _awnts | ||